| 000 | 00707nam a2200205 4500 | ||
|---|---|---|---|
| 001 | 145481 | ||
| 003 | ES-MaACL | ||
| 005 | 20250822042348.0 | ||
| 007 | t| | ||
| 008 | 070214s1951 ag r ||||1| spa d | ||
| 100 | 1 |
_aStern, William. _9108130 |
|
| 245 | 1 | 0 |
_aPsicología personal desde el punto de vista personalístico / _cWilliam Stern ; [versión castellana de José Rovira Armengol]. |
| 260 |
_aBuenos Aires : _bPaidós, _c[1951] ( _fMacagno Landa) |
||
| 300 |
_a2 t. ; _c21 cm. |
||
| 490 | 1 | _aPsicologías del siglo XX | |
| 700 | 1 |
_aRovira Armengol, José. _9100141 |
|
| 830 | 0 | 0 |
_aPsicologías del siglo XX _9187403 |
| 852 |
_aES-MaACL _jD-9268-69 _bR.34749 |
||
| 999 |
_c145481 _d145481 |
||